lowey - dernière soirée [paroles] - Statistiques

Statistiques générales
  • Ce quiz a été pris 54 fois
    38 depuis la dernière actualisation
  • Le résultat moyen est 136 sur 161
Statistiques - réponses
Réponse % Correct
à
100%
a
100%
ai
100%
belle
100%
ce
100%
cette
100%
de
100%
faire
100%
fin
100%
‘fin
100%
je
100%
j’en
100%
la
100%
ma
100%
me
100%
on
100%
pas
100%
plus
100%
que
100%
(que
100%
rien
100%
(rien
100%
soir
100%
soirée
100%
tout
100%
toute
100%
un
100%
une
100%
vie
100%
ambiance
96%
bières
96%
ça
96%
came
96%
ces
96%
c’est
96%
déjà
96%
dernière
96%
des
96%
d’merde
96%
en
96%
et
96%
fait
96%
impression
96%
légère
96%
les
96%
maintenant
96%
mal
96%
même
96%
même)
96%
merde
96%
moi
96%
96%
pour
96%
quand
96%
s’aime
96%
s’barre
96%
se
96%
sera
96%
si
96%
s’parle
96%
te
96%
toi
96%
toutes
96%
trop
96%
trucs
96%
tu
96%
viens
96%
au
91%
blesse
91%
comme
91%
dont
91%
encore ?
91%
est-ce
91%
fier
91%
fini
91%
l’autre
91%
mois
91%
perdre
91%
perdre)
91%
plusieurs
91%
qu’il
91%
qu’on
91%
restera
91%
t’as
91%
terme
91%
tort
91%
arrête
87%
chantages
87%
d’arriver
87%
dire
87%
doux
87%
fantasme
87%
j’t’emmène
87%
l’usure
87%
messages
87%
mots
87%
nos
87%
sur
87%
tes
87%
dur
83%
j’enterre
83%
l’histoire
83%
m’balances
83%
ouais
83%
pleure
83%
quoi
83%
rit
83%
s’demande
83%
va
83%
blessures
78%
casse
78%
coups
78%
d’la
78%
haine
78%
mais
78%
m’fais
78%
part
78%
peine
78%
peu
78%
s’dire
78%
semblant
78%
stresse
78%
balances
74%
carrément
74%
c’que
74%
crie
74%
j’ai
74%
justifie
74%
pensais
74%
peur
74%
sans
74%
s’reconnait
74%
veux
74%
vivre
74%
assume ?
70%
dans
70%
niqué
70%
sale
70%
trauma
70%
(trauma)
70%
enfer
65%
l’miroir
65%
parle
65%
t’reconnais
65%
calcule
61%
juste
61%
noces
61%
suffira ?
61%
t’regardes
61%
attend ?
57%
toxines
57%
dessinent
52%
qu’est-ce
52%
s’fait
52%
traits
52%
évacuent
43%
dis-moi
35%
m'accable
26%
d’autres
4%
n’attend
4%
s’y
4%
Aucun quiz correspondant
Distribution des résultats
% des personnes avec chaque résultat
Percentile par nombre de réponses
Votre historique - résultats
Vous n’avez pas pris ce quiz depuis la dernière actualisation